Quiz da Moldávia - Statistics

Estatísticas Gerais
  • Esse quiz foi jogado 511 vezes
  • A pontuação média é 9 de 15
Estatísticas das Respostas
Dica Resposta % Correto
Países fazendo fronteira com a Moldávia Romênia
96%
Países fazendo fronteira com a Moldávia Ucrânia
96%
A Moldávia fazia parte deste país antes de 1991 União Soviética
85%
Língua oficial Romeno (Moldávio)
81%
A Moldávia está por volta de 50km de distância deste mar Mar Negro
78%
Capital Chișinău
77%
93% da população moldava pertencem a este ramo do cristianismo Ortodoxa Oriental
75%
República separatista em perto do rio acima Transnístria
60%
A Moldávia produz _____ há milhares de anos. Hoje é o 8º maior produtor per capita do mundo. Vinho
45%
"Capital" do acima, tecnicamente a segunda maior cidade da Moldávia Tiraspol
42%
Moeda oficial Leu
35%
Região histórica que cobria grande parte do território da Moldávia {Bess}arábia
31%
Rio que flui perto da fronteira oriental Rio Dniestre
28%
Terceira maior cidade Bălți
24%
Outra região autónoma da Moldávia Gagaúzia
18%
Nenhum quiz correspondente encontrado
Distribuição das Pontuações
Porcentagem de Pessoas com Cada Pontuação
Percentil de Números Respondidos
Sua Pontuação Histórica
Você não jogou esse quiz